000
00272nam a22001097a 4500
040
_c
SCME
100
_a
Frederick S.Simmons
_9
122722
245
_a
Rocket Exaust Plume Phenomenology
260
_a
California
_b
The Aerospace Press
_c
2000
300
_a
286p.
942
_2
ddc
_c
BK
999
_c
609168
_d
609168